Worldview and psychotherapy an analysis of the Christian integration debate : (Record no. 41332)
[ view plain ]
| 000 -LEADER | |
|---|---|
| fixed length control field | 00695nam a22001937a 4500 |
| 005 - DATE AND TIME OF LATEST TRANSACTION | |
| control field | 20180410165636.0 |
| 008 - FIXED-LENGTH DATA ELEMENTS--GENERAL INFORMATION | |
| fixed length control field | 180410b xxu||||| |||| 00| 0 eng d |
| 020 ## - INTERNATIONAL STANDARD BOOK NUMBER | |
| International Standard Book Number | 9783844041705 |
| 020 ## - INTERNATIONAL STANDARD BOOK NUMBER | |
| International Standard Book Number | 3844041702 |
| 100 ## - MAIN ENTRY--PERSONAL NAME | |
| Personal name | Loonstra, Bert |
| Dates associated with a name | 1956- |
| 245 ## - TITLE STATEMENT | |
| Title | Worldview and psychotherapy an analysis of the Christian integration debate : |
| Remainder of title | an analysis of the Christian integration debate / |
| Statement of responsibility, etc | Bert Loonstra |
| 260 ## - PUBLICATION, DISTRIBUTION, ETC. (IMPRINT) | |
| Place of publication, distribution, etc | Aachen : |
| Name of publisher, distributor, etc | Shaker Verlag, |
| Date of publication, distribution, etc | 2016. |
| 300 ## - PHYSICAL DESCRIPTION | |
| Extent | 427 pages ; |
| Dimensions | 21 cm. |
| 440 ## - SERIES STATEMENT/ADDED ENTRY--TITLE | |
| Title | International series in mental health and religion, |
| Number of part/section of a work | 2 |
| 500 ## - GENERAL NOTE | |
| General note | Dissertation, Vrije Universiteit Amsterdam, 2016 |
| 650 ## - SUBJECT ADDED ENTRY--TOPICAL TERM | |
| Topical term or geographic name as entry element | Religion. |
| 650 ## - SUBJECT ADDED ENTRY--TOPICAL TERM | |
| Topical term or geographic name as entry element | Psychotherapy. |
| 942 ## - ADDED ENTRY ELEMENTS (KOHA) | |
| Source of classification or shelving scheme | Library of Congress Classification |
| Item type | Books |
| Withdrawn status | Lost status | Source of classification or shelving scheme | Damaged status | Not for loan | Home library | Current library | Shelving location | Date acquired | Source of acquisition | Inventory number | Total Checkouts | Full call number | Barcode | Date last seen | Price effective from | Koha item type |
|---|---|---|---|---|---|---|---|---|---|---|---|---|---|---|---|---|
| Library of Congress Classification | BSOP Library | BSOP Library | GC | 04/10/2018 | 40330 | BV4012.2 L87w 2006 | 00051330 | 04/10/2018 | 04/10/2018 | Books |
